[Event "Top 12 FRA-chT 2017"]
[Site "Chartres"]
[Date "2017.05.23"]
[Round "6"]
[White "Degraeve, Jean-Marc"]
[Black "Bacrot, Etienne"]
[Result "1/2-1/2"]
[WhiteElo "2592"]
[BlackElo "2696"]
[Annotator "TA"]
[PlyCount "62"]
[EventDate "2017.??.??"]
[EventType "team-tourn"]
[EventCountry "FRA"]
[SourceTitle "playchess.com"]
[Source "ChessBase"]
[SourceQuality "1"]
[WhiteTeam "Saint Quentin"]
[BlackTeam "Bischwiller"]

{[%evp 16,62,18,13,18,3,1,8,6,0,0,0,4,3,11,-19,-14,-12,-7,-10,-10,-22,-21,-23,-17,-22,-29,-25,-10,-39,-25,-36,-29,-22,-31,-86,0,0,0,-164,-152,-329,-335,-474,-144,-142,-141,-130,-129]} 1. e4 e5 2. Nf3 Nc6 3. Bc4 Bc5 4. O-O Nf6 5. d3 O-O 6. Nbd2 d6 7. c3 a6 8. Bb3 h6 9. Re1 Be6 {C54: Giuoco Piano: 4 c3 Nf6, main lines with 5 d4 and 5 d3} 10. Nf1 Bxb3 11. Qxb3 Qd7 {The position is equal.} 12. Be3 Bxe3 13. Nxe3 Rfe8 14. Rad1 b5 {[#]} 15. Nd5 $146 ({Predecessor:} 15. h3 Ne7 16. Nh4 c5 17. Qc2 {0-1 (45) Zhigalko,S (2656)-Kramnik,V (2777) Berlin 2015}) 15... Nxd5 16. Qxd5 Ne7 {[%cal Bc6e7,Be7g6,Bg6f4][%mdl 32]} 17. Qb3 $1 Ng6 18. Nd2 Nf4 19. Nf1 d5 20. Ne3 {[%cal Re3d5]} d4 21. cxd4 exd4 $40 {[%mdl 128] Black attacks.} 22. Nd5 Nxg2 23. Kxg2 {Strongly threatening Kh1.} c6 {And now ...Qg4+ would win.} 24. Nb4 {Threatens to win with Kh1.} a5 25. Nc2 (25. Nxc6 $15 Qxc6 26. Rc1 Qg6+ 27. Kh1) 25... Qg4+ (25... a4 $1 $17 26. Qa3 c5) 26. Kf1 $11 Rad8 {[%cal Ba8d8,Bd8d6,Bd6f6][%mdl 32]} 27. Na3 $2 (27. Qa3 $11) 27... Rd6 $19 28. Rc1 $2 (28. Nxb5 $17 Qh3+ 29. Ke2 Qh5+ 30. Kd2 cxb5 31. Kc1) 28... Rf6 $1 29. Qd1 (29. Rc5 {might work better.} Qf3 30. Qc2) 29... Qh3+ $2 (29... Rf3 $19 {and Black stays clearly on top.} 30. Nc2 Re6 31. Nxd4 Qh3+ 32. Ke2 Re3+ $1 {[%mdl 512]} 33. Kd2 Rxd3+ 34. Kc2 Rxd1 35. Rcxd1 Rd6) 30. Ke2 $17 {[#]} Rxf2+ $1 ({Inferior is} 30... Qxh2 31. Rf1 $14) 31. Kxf2 Qxh2+ {Precision: White = 31%, Black = 78%.} 1/2-1/2

[Event "Top 12 FRA-chT 2017"]
[Site "Chartres"]
[Date "2017.05.23"]
[Round "6"]
[White "Hamdouchi, Hicham"]
[Black "Dionisi, Thomas"]
[Result "0-1"]
[WhiteElo "2586"]
[BlackElo "2392"]
[Annotator "TA"]
[PlyCount "77"]
[EventDate "2017.??.??"]
[EventType "team-tourn"]
[EventCountry "FRA"]
[SourceTitle "playchess.com"]
[Source "ChessBase"]
[SourceQuality "1"]
[WhiteTeam "Clichy"]
[BlackTeam "Bois-Colombes"]

{[%evp 15,77,28,26,3,20,18,19,0,0,-4,11,17,24,10,16,9,18,5,15,0,12,0,0,0,0,0,37,14,25,-15,-6,-4,-15,-26,13,28,125,125,129,134,127,131,260,260,191,204,265,0,0,-11,82,0,12,21,15,18,122,117,187,212,2318,330,230,0]} 1. e4 c5 2. Nf3 Nc6 3. d4 cxd4 4. Nxd4 e5 5. Nb5 d6 6. c4 Be7 7. N1c3 a6 8. Na3 Be6 {LiveBook: 652 Games} 9. g3 {B32: Sicilian: Löwenthal and Kalashnikov Variations} (9. Be2 Rc8 10. O-O Nf6 11. Be3 O-O 12. Qd2 Nd7 13. Rac1 Nc5 14. f3 Nd4 15. Bxd4 exd4 16. Qxd4 Qb6 17. Rc2 Bf6 18. Qe3 Qb4 19. Qd2 Na4 20. Nd5 {½-½ (37) Anand,V (2779)-Caruana,F (2823) Saint Louis 2016}) 9... Bg5 10. Bxg5 Qxg5 11. Bg2 {The position is equal.} ({Of course not} 11. Qxd6 Rd8 $17) (11. Nd5 $5 {[%cal Rd5c7]} Rc8 12. Nc2 $11) 11... Qd8 12. O-O Nf6 $146 ({Predecessor:} 12... Nge7 13. Nd5 Nd4 14. Rc1 Rc8 15. Nxe7 Qxe7 16. Qd3 O-O {0-1 (29) Zwirs,N (2250)-Ikonnikov,V (2555) Vlissingen 2013}) 13. Nd5 Nd4 14. Nc2 (14. Rc1 {looks sharper.} Rc8 15. Ne3 O-O 16. Nac2 Nxc2 17. Rxc2 Qd7 18. Qe2) 14... Nxc2 15. Qxc2 O-O 16. b4 Rc8 (16... Bxd5 $5 17. exd5 Rc8 $11) 17. Rac1 a5 (17... Bxd5 $5 18. exd5 Nd7 $11) 18. a3 axb4 19. axb4 Bxd5 20. exd5 Qb6 21. Qc3 Nd7 $1 22. g4 g6 23. g5 Qd8 24. Qe3 f5 25. gxf6 {And now Bh3 would win.} Nxf6 (25... b6 $1 $11) 26. Bh3 $16 Rc7 27. Be6+ Kg7 28. f4 $1 {[%cal Rf4e5]} exf4 (28... Nd7 $16 {was called for.}) 29. Qxf4 $18 ({Less strong is} 29. Rxf4 Nd7 $14) 29... Nh5 30. Qd4+ Kh6 31. Qe3+ $2 (31. h4 $1 $18) 31... Nf4 $11 {Threatens to win with ...Qg5+.} 32. Kh1 $1 ({Not} 32. Rxf4 $2 Qg5+ 33. Kh1 Rxf4 $19) 32... Qf6 (32... Qg5 $11 33. Qe4 Rf6) 33. Rc2 (33. c5 $1 $16) 33... g5 34. c5 {Hoping for h4.} Kg7 35. Rcf2 $36 {[%mdl 2048] White is pushing.} h6 (35... dxc5 $1 $11 {remains equal.} 36. bxc5 Re7) 36. cxd6 $16 Rc3 {[#]} (36... Rc4 $16) 37. Qe4 $1 $18 b5 $2 (37... Qg6 38. Qd4+ Qf6 39. Qxf6+ Kxf6) 38. d7 $2 (38. Ra2) 38... Rc4 {[#]} 39. Rxf4 $2 {[%mdl 32768] Precision: White = 34%, Black = 26%. . Loss on Time!?} (39. Qe1 $1 $18) 0-1

[Event "Top 12 FRA-chT 2017"]
[Site "Chartres"]
[Date "2017.05.23"]
[Round "6"]
[White "Tregubov, Pavel V"]
[Black "Miton, Kamil"]
[Result "1/2-1/2"]
[WhiteElo "2584"]
[BlackElo "2618"]
[Annotator "TA"]
[PlyCount "71"]
[EventDate "2017.??.??"]
[EventType "team-tourn"]
[EventCountry "FRA"]
[SourceTitle "playchess.com"]
[Source "ChessBase"]
[SourceQuality "1"]
[WhiteTeam "Clichy"]
[BlackTeam "Bois-Colombes"]

{[%evp 17,71,14,47,30,39,34,29,29,29,29,40,33,29,26,26,31,39,0,0,0,0,0,4,6,18,2,2,0,0,0,0,0,0,0,0,-6,0,0,0,0,0,0,0,0,0,0,0,0,0,0,0,0,0,0,0,0]} 1. d4 f5 2. g3 Nf6 3. Bg2 g6 4. Nf3 Bg7 5. O-O O-O 6. c4 d6 7. Nc3 c6 8. b3 Na6 9. Bb2 Rb8 {LiveBook: 18 Games} 10. Rc1 {A88: Dutch Defence: Leningrad System: 5 Nf3 0-0 6 0-0 d6 7 Nc3 c6} Bd7 11. d5 Nc7 (11... Nc5 12. Nd4 Qb6 13. e3 a5 14. Qe2 Rbc8 15. Rfd1 a4 16. Nxa4 Nxa4 17. bxa4 cxd5 18. cxd5 Bxa4 19. Rxc8 Rxc8 {0-1 (52) Bu,X (2715)-Lu,S (2607) Shenzhen 2016}) 12. Qd2 $146 {White has an edge.} ({Predecessor:} 12. dxc6 bxc6 13. c5 Ne4 14. cxd6 exd6 15. Na4 c5 16. Bxg7 Kxg7 17. Nd2 Bxa4 18. bxa4 {0-1 (60) Zhurikhin,A (2150)-Lukovnikov,A (2350) Voronezh 2009}) 12... c5 13. e4 fxe4 14. Ng5 b5 15. cxb5 Nxb5 16. Nxb5 Rxb5 17. Nxe4 Nxe4 {The position is equal.} 18. Bxe4 Bxb2 19. Qxb2 Rf7 20. Rfe1 Qf8 21. Re3 a5 22. Qe2 a4 23. h4 Qg7 24. Re1 axb3 25. axb3 Ra5 26. h5 Ra1 27. hxg6 Rxe1+ 28. Qxe1 hxg6 29. Qb1 g5 30. b4 cxb4 31. Qxb4 Qf6 32. Re2 Qa1+ 33. Re1 Qf6 34. Re2 Qa1+ 35. Re1 Qf6 36. Re2 {Precision: White = 46%, Black = 86%.} 1/2-1/2

[Event "Top 12 FRA-chT 2017"]
[Site "Chartres"]
[Date "2017.05.23"]
[Round "6"]
[White "Solodovnichenko, Yuri"]
[Black "Nataf, Igor-Alexandre"]
[Result "1-0"]
[WhiteElo "2576"]
[BlackElo "2535"]
[Annotator "TA"]
[PlyCount "83"]
[EventDate "2017.??.??"]
[EventType "team-tourn"]
[EventCountry "FRA"]
[SourceTitle "playchess.com"]
[Source "ChessBase"]
[SourceQuality "1"]
[WhiteTeam "Vandoeuvre"]
[BlackTeam "Strasbourg"]

{[%evp 12,83,34,33,63,60,63,23,44,43,33,47,43,0,0,0,31,33,35,0,33,0,0,0,0,0,0,-7,-8,-16,0,0,0,-54,-68,-72,0,0,50,0,0,-33,-11,0,0,0,-10,-16,0,-20,0,-21,166,135,345,311,362,346,207,165,341,343,306,309,390,285,606,613,528,498,1167,1069,922,906]} 1. e4 c5 2. Nf3 Nc6 3. Bb5 e6 4. Bxc6 bxc6 5. d3 Ne7 6. Qe2 Ng6 7. h4 $1 {LiveBook: 114 Games} h5 {B30: Sicilian: 2...Nc6 3 Bb5, lines without ...g6} 8. e5 $1 f6 9. Qe4 Kf7 {White has an edge.} 10. Nbd2 d5 11. exd6 Qxd6 12. Nb3 Qd5 13. Be3 Qxe4 14. dxe4 c4 15. Nbd2 {[#]} Ba6 $146 {[%cal Bc8a6,Ba6b5,Bb5a4][%mdl 32]} 16. c3 Be7 17. Kd1 c5 18. Kc2 Bb5 19. Rhe1 a5 20. g3 Ba4+ 21. Kc1 Bc6 22. Bf4 (22. a4 $11) 22... Nxf4 $15 23. gxf4 Rh6 ({Black should play} 23... Bd8 $17) 24. Nxc4 $11 Rg6 25. Ng5+ (25. Nfe5+ $5 fxe5 26. Nxe5+ Kf6 27. Nxc6 $16) 25... fxg5 26. fxg5 {And now Ne5+ would win.} Kg8 27. Ne5 Be8 28. f4 Bd6 29. c4 Rd8 30. Kc2 (30. Rd1 $5 {[%cal Rf4f5]}) 30... Bxe5 31. fxe5 Rd4 $2 {[#]} (31... Ba4+ $11 32. b3 Be8) 32. Kc3 $1 $18 Bc6 $2 (32... Rd8 $16) 33. Rad1 Rxe4 34. Rxe4 Bxe4 {[%mdl 4096] Endgame KRB-KR} 35. Rf1 Kh7 $2 (35... Bg2 {was necessary.} 36. Rd1 Kh7) 36. Kd2 Bd5 {[#]} 37. b3 $1 ({Less strong is} 37. cxd5 exd5 38. Ke3 Rb6 $14) 37... Bg2 38. Rf2 Rxg5 $2 (38... Bh1 39. Rf8 Be4) 39. hxg5 {White is clearly winning.} Bc6 40. Ke3 h4 (40... Kg6 $142 41. Kf4 a4 42. bxa4 Bxa4) 41. Rh2 Kg6 42. Rxh4 {Precision: White = 55%, Black = 40%.} 1-0

[Event "Top 12 FRA-chT 2017"]
[Site "Chartres"]
[Date "2017.05.23"]
[Round "6"]
[White "Palac, Mladen"]
[Black "Shchekachev, Andrei"]
[Result "1/2-1/2"]
[WhiteElo "2573"]
[BlackElo "2538"]
[Annotator "TA"]
[PlyCount "44"]
[EventDate "2017.??.??"]
[EventType "team-tourn"]
[EventCountry "FRA"]
[SourceTitle "playchess.com"]
[Source "ChessBase"]
[SourceQuality "1"]
[WhiteTeam "Nice Alekhine"]
[BlackTeam "Tremblay-En-France"]

{[%evp 10,44,35,24,40,52,39,37,31,57,30,27,38,20,37,25,85,93,85,81,128,113,147,147,159,157,186,93,59,59,71,0,0,0,79,0,0]} 1. e4 g6 2. d4 Bg7 3. Nf3 d6 4. Be3 Nf6 5. Nc3 a6 6. Qd2 b5 {B08: Pirc Defence: Classical System} (6... O-O 7. Bd3 Nc6 8. h3 e5 9. d5 Ne7 10. O-O-O b5 11. Bh6 b4 12. Bxg7 Kxg7 13. Ne2 c6 14. dxc6 Nxc6 15. Bc4 Qb6 16. Ng3 Na5 17. Bb3 Nxb3+ 18. axb3 Re8 {0-1 (38) Bok,B (2608)-Smirin,I (2667) Wijk aan Zee 2017}) 7. Bh6 O-O 8. Bd3 Nc6 {White is slightly better.} 9. Bxg7 Kxg7 10. a4 {[%cal Ba2a4,Ba4b5,Bb5a6][%mdl 32]} Bg4 {Threatening ...Bxf3.} 11. e5 $36 {[%mdl 2048] White has some pressure.} dxe5 12. dxe5 Nd7 (12... Nd5 $11 {keeps the balance.}) 13. Be4 $16 Bxf3 14. gxf3 Ncxe5 $146 ({Predecessor:} 14... Ndxe5) 15. axb5 Nf6 16. Qxd8 ({Don't do} 16. bxa6 $6 Nxe4 17. Qxd8 Rfxd8 $14) 16... Raxd8 17. bxa6 c6 18. Ke2 (18. a7 $18) 18... Nh5 19. Rhd1 {[#] Strongly threatening Rxd8.} Nf4+ 20. Ke3 Ng2+ 21. Ke2 {Rxd8 is the strong threat.} Nf4+ 22. Ke3 ({Better is} 22. Kf1 $16 {aiming for Rxd8.} Rxd1+ 23. Nxd1) 22... Ng2+ {Precision: White = 66%, Black = 44%.} 1/2-1/2

[Event "Top 12 FRA-chT 2017"]
[Site "Chartres"]
[Date "2017.05.23"]
[Round "6"]
[White "Demuth, Adrien"]
[Black "Bellaiche, Anthony"]
[Result "1-0"]
[WhiteElo "2542"]
[BlackElo "2471"]
[Annotator "TA"]
[PlyCount "101"]
[EventDate "2017.??.??"]
[EventType "team-tourn"]
[EventCountry "FRA"]
[SourceTitle "playchess.com"]
[Source "ChessBase"]
[SourceQuality "1"]
[WhiteTeam "Nice Alekhine"]
[BlackTeam "Tremblay-En-France"]

{[%evp 25,101,49,62,43,39,43,45,14,52,39,48,28,30,21,27,0,43,38,54,33,45,39,53,50,49,-9,-11,-15,-21,-17,-17,-10,-25,-19,-19,-19,-21,-30,-26,-85,-73,-80,-76,-97,-86,-88,-87,-111,-49,-32,10,19,113,104,187,180,175,177,565,571,564,560,553,553,713,713,713,709,790,793,885,883,1460,1398,6283,6207,2202,2087]} 1. c4 Nf6 2. Nf3 c5 3. g3 b6 4. Bg2 Bb7 5. O-O e6 6. Nc3 Be7 7. d4 cxd4 8. Qxd4 Nc6 9. Qf4 O-O 10. Rd1 Qb8 11. Qxb8 Raxb8 12. Bf4 Rbc8 13. b3 Rfd8 14. Bd6 {A30: Symmetrical English: Double Fianchetto and Hedgehog} Bxd6 15. Rxd6 Ne8 16. Rd2 {[#] White is slightly better.} Kf8 $146 (16... d5 $5) ({Predecessor:} 16... d5 17. cxd5 Nb4 18. Nb5 a6 19. Na7 Rc7 20. Nc6 Bxc6 21. dxc6 Rxd2 22. Nxd2 Nxc6 {½-½ (49) Kurajica,B (2580)-Piket,J (2575) Sarajevo 1998}) 17. e4 d6 18. h3 h6 19. Rad1 Ke7 20. Re1 Nb8 21. Nd4 Kf8 22. Red1 Ke7 23. Re2 Kf8 24. f4 a6 25. f5 (25. Na4 $14) 25... e5 $11 26. Nc2 b5 27. Ne3 Nc6 28. Red2 Nd4 29. Kf2 Nf6 30. g4 Ke7 $36 {[%mdl 2048] Black is pushing.} 31. Kg3 b4 32. Ncd5+ (32. Ne2 $1 $11 Nxe2+ 33. Rxe2) 32... Bxd5 $1 $17 33. exd5 Nd7 34. Rf2 Ke8 35. h4 Nc5 36. g5 {With the idea f6.} hxg5 (36... f6 $1 $17) 37. hxg5 $15 Kd7 38. f6 Rg8 (38... g6 $1 $11 {remains equal.}) 39. Bh3+ $16 Kc7 (39... Kd8 $16) 40. Bxc8 $18 {Strongly threatening Bf5.} Ne4+ 41. Kg2 Kxc8 $2 (41... gxf6 42. Bg4 (42. Bxa6 Nxf2 43. Kxf2 Ra8 $11) 42... Nxf2 43. Kxf2 Rxg5) 42. Rxd4 $1 {White is clearly winning.} exd4 {[%mdl 4096] Endgame KRN-KRN} 43. Nf5 $1 {[%csl LRd4,LRg7]} Kd7 44. fxg7 d3 {[#]} 45. Rf3 $1 d2 {[#]} 46. Rd3 $1 a5 47. Kf1 Kc7 48. Ke2 Re8 49. Re3 Ng3+ 50. Nxg3 Rxe3+ 51. Kxd2 {Precision: White = 58%, Black = 52%.} 1-0

[Event "Top 12 FRA-chT 2017"]
[Site "Chartres"]
[Date "2017.05.23"]
[Round "6"]
[White "Le Roux, Jean-Pierre"]
[Black "Le Hay, Thierry"]
[Result "1-0"]
[WhiteElo "2538"]
[BlackElo "2113"]
[Annotator "TA"]
[PlyCount "75"]
[EventDate "2017.??.??"]
[EventType "team-tourn"]
[EventCountry "FRA"]
[SourceTitle "playchess.com"]
[Source "ChessBase"]
[SourceQuality "1"]
[WhiteTeam "Bischwiller"]
[BlackTeam "Saint Quentin"]

{[%evp 14,75,52,10,22,32,22,22,20,16,20,0,2,0,-4,-26,-33,-30,-2,0,7,-29,-29,-89,-30,-25,-32,-31,135,131,144,93,208,224,224,222,204,195,241,241,241,236,247,247,236,243,231,252,247,252,349,347,459,459,444,456,384,288,718,661,787,762,806,632]} 1. Nf3 f5 2. d3 d5 3. c4 c6 4. Nbd2 Nf6 5. g3 e6 6. Bg2 Bd6 7. O-O O-O 8. Qc2 {LiveBook: 3 Games. A04: Unusual lines after 1 Nf3 and King's Indian Attack} (8. e4 $5 Nbd7 9. exf5 $11) 8... e5 9. e4 fxe4 10. dxe4 {The position is equal.} d4 11. c5 Bc7 $1 12. Nc4 $146 ({Predecessor:} 12. Ne1 Ng4 13. Nc4 b5 14. cxb6 axb6 15. f3 {½-½ (27) Bischoff,K (2510)-Knaak,R (2500) Potsdam 1988}) 12... Qe7 13. b4 b5 14. Nb2 (14. cxb6 $5 axb6 15. a4 $11) 14... a5 15. bxa5 Rxa5 16. Bd2 Ra8 17. Nh4 Be6 18. Nd3 (18. Nf5 $11 Qf7 19. Nd6) 18... Qf7 (18... Nbd7 $17 19. Nf5 Qf7) 19. f4 $11 Nbd7 {Hoping for ...Bc4.} 20. Nf3 {[%cal Rf3e5]} Rxa2 $2 {[#]} (20... Bc4 $15 {keeps the upper hand.} 21. Nfxe5 Nxe5 22. fxe5 Bxd3 23. Qxd3 Bxe5) 21. Rxa2 $16 Bxa2 22. Ndxe5 (22. Nfxe5 $142 Nxe5 23. Nxe5 Bxe5 24. fxe5) 22... Qb3 (22... d3 $16 23. Qb2 (23. Nxd3 Bb3 $11) (23. Qxd3 $2 Nxe5 24. fxe5 Bc4 $19) 23... Qb3 24. Qxb3+ Bxb3) 23. Qxb3+ $18 (23. Nxd4 Qxc2 24. Nxc2 Nxe5 $15) 23... Bxb3 24. Nxd7 ({Resist} 24. Nxc6 $6 Nxe4 25. Bb4 (25. Ncxd4 Bc4 $14) 25... Bc4 $16) 24... Nxd7 25. Bb4 Ra8 26. Nxd4 Ra4 27. Nxc6 ({Don't play} 27. Nxb3 $6 Rxb4 28. Rd1 Nxc5 $16) 27... Nb8 28. Nxb8 Bxb8 29. Bd2 Ba7 30. Rc1 Bc4 31. Be3 Ra3 32. Bf2 Ra2 33. Bf1 Bxf1 34. Kxf1 b4 35. Rb1 b3 $2 {[#]} (35... Rc2 36. Ke1 g6) 36. Rxb3 {White is clearly winning.} Ra1+ 37. Kg2 Ra4 38. Rb1 {Precision: White = 61%, Black = 26%.} 1-0

[Event "Top 12 FRA-chT 2017"]
[Site "Chartres"]
[Date "2017.05.23"]
[Round "6"]
[White "Rozentalis, Eduardas"]
[Black "Hamitevici, Vladimir"]
[Result "0-1"]
[WhiteElo "2535"]
[BlackElo "2487"]
[Annotator "TA"]
[PlyCount "138"]
[EventDate "2017.??.??"]
[EventType "team-tourn"]
[EventCountry "FRA"]
[SourceTitle "playchess.com"]
[Source "ChessBase"]
[SourceQuality "1"]
[WhiteTeam "Strasbourg"]
[BlackTeam "Vandoeuvre"]

{[%evp 20,138,0,0,0,0,1,0,0,0,0,0,0,0,8,-16,-9,-22,-16,-29,-19,-35,-28,-18,-36,-44,-38,-31,-32,-32,-12,-45,-37,-46,-31,-63,0,-66,-65,-95,-72,-90,-22,-18,-22,-25,0,0,0,0,0,0,0,-7,-7,-11,0,0,0,0,0,0,0,-14,0,-14,-14,-4,0,0,0,-14,-14,-14,-9,-14,0,-17,0,0,0,0,0,0,0,-18,-18,-28,-27,-57,-41,-93,0,-27,-42,-319,-326,-324,-299,-391,-380,-380,-364,-321,-275,-276,-107,-113,-86,-370,-356,-382,-326,-483,-463,-680,-579,-669,-632,-29974,-29974]} 1. e4 c5 2. Nf3 e6 3. c3 d5 4. exd5 Qxd5 5. d4 Nf6 6. Bd3 Be7 7. O-O O-O 8. Qe2 cxd4 9. cxd4 Nc6 10. Rd1 Nb4 11. Nc3 Qh5 {B22: Sicilian: 2 c3} 12. Bc4 Nbd5 (12... Re8 13. Qe5 Bd7 14. a3 Nc6 15. Qxh5 Nxh5 16. Ne5 Nf6 17. Nxd7 Nxd7 18. d5 Nb6 19. Ba2 exd5 20. Nxd5 Nxd5 21. Bxd5 {1-0 (54) Baklan,V (2655)-Romanov,E (2638) Sitges 2014}) 13. Bg5 {[#]} h6 $146 {aiming for ...Nxc3.The position is equal.} ({Predecessor:} 13... Bd6 14. h3 Bd7 15. Bxf6 Nxf6 16. Ne5 Qxe2 17. Bxe2 Rfd8 18. Bf3 Rab8 19. Rac1 {½-½ (68) Royset,P (2166)-Miezis,N (2505) Kragero 2017}) 14. Bxf6 Nxc3 15. bxc3 Bxf6 16. Rab1 Bd7 17. Bb5 Rad8 18. Bxd7 Rxd7 19. Rb5 Qg4 20. Qe3 Rc8 21. h3 Qg6 22. Rd3 a6 23. Ne5 Bxe5 24. Rxe5 b5 25. Qd2 (25. a4 $5) 25... Rc4 26. Rg3 Qf6 {Threatens to win with ...Qxe5!} 27. Qe2 Qf4 (27... Rd6 $15) 28. Ree3 (28. Rf3 $11 Qc1+ 29. Kh2 Rxc3 30. Rxe6 $1 {[%mdl 512]} Rxf3 31. Re8+ Kh7 32. Qxf3 Qc7+ 33. g3) 28... Rd5 $15 29. Rg4 Qc7 30. Reg3 Rg5 (30... g5 $17 31. Qe3 Kh7) 31. Rxg5 $11 hxg5 {[%mdl 4096] Endgame KQR-KQR} 32. d5 Qd6 33. dxe6 Qxe6 34. Qd2 f6 35. Re3 Re4 36. Rxe4 Qxe4 {KQ-KQ} 37. f3 Qb1+ 38. Kf2 Kh7 39. Kg3 Kg6 40. Qe2 Kh6 41. Qd2 Kh7 42. f4 gxf4+ 43. Kxf4 g5+ 44. Ke3 Kh6 45. Kf2 Qf5+ 46. Kg1 Qc5+ 47. Kh2 Qc4 48. g4 a5 49. a3 Qc7+ 50. Kg2 Qb7+ 51. Kh2 Qe7 52. Qb2 (52. h4 $5) 52... Qe5+ 53. Kg2 Qd5+ 54. Kg1 Kg7 55. Qf2 (55. Qe2 $15) 55... Kg6 ({Better is} 55... Qd6 $17 56. Qa7+ Kh6) 56. Qc2+ Kf7 57. Qb2 $2 {[%mdl 8192] [#]} (57. Qh7+ $15 Ke6 58. Qc7) 57... Qd3 $1 $19 58. Kh2 Ke6 59. Qa2+ Qd5 60. Qb2 Qe5+ 61. Kg2 Qe4+ 62. Kf2 Qc4 $2 (62... Qd3 $19 63. Kg2 Kd5 64. Qa2+ Kd6) 63. Qc1 Qd3 64. Qb2 $2 {[%mdl 8192]} (64. c4 $17) 64... Kd5 65. Qb3+ Kc5 66. a4 (66. Qf7 $142 Qd2+ 67. Kf1 Qxc3 68. Qe7+ Kd5 69. Qd7+ Ke5 70. Kg2 Qb2+ 71. Kf1) 66... Qd2+ 67. Kg1 (67. Kf1 $142 Qc1+ 68. Kf2 Qd2+ 69. Kf1 bxa4 70. Qa3+ Kb5 71. Qa1) 67... Qe3+ 68. Kh2 Qe5+ 69. Kg2 Qd5+ {Precision: White = 38%, Black = 59%.} 0-1

[Event "Top 12 FRA-chT 2017"]
[Site "Chartres"]
[Date "2017.05.23"]
[Round "6"]
[White "Apicella, Manuel"]
[Black "Sokolov, Andrei"]
[Result "1/2-1/2"]
[WhiteElo "2515"]
[BlackElo "2519"]
[Annotator "TA"]
[PlyCount "31"]
[EventDate "2017.??.??"]
[EventType "team-tourn"]
[EventCountry "FRA"]
[SourceTitle "playchess.com"]
[Source "ChessBase"]
[SourceQuality "1"]
[WhiteTeam "Grasse Echecs"]
[BlackTeam "Mulhouse Philidor"]

{[%evp 14,24,15,6,27,20,28,20,40,32,46,7,6]} 1. e4 c5 2. Nf3 e6 3. d4 cxd4 4. Nxd4 Nc6 5. Nc3 Qc7 6. Be3 a6 7. Qd2 Nf6 8. O-O-O Be7 {B48: Sicilian: Taimanov: 5 Nc3 Qc7 6 Be3 a6 without Be2} 9. f3 b5 10. Kb1 O-O 11. g4 Nxd4 12. Bxd4 Bb7 {Predecessor:} 13. h4 $146 b4 14. Na4 d5 15. e5 Nd7 16. Qe3 {1-0 (40) Caruana,F (2817)-Pichot,A (2556) chess.com INT 2017} 1/2-1/2

[Event "Top 12 FRA-chT 2017"]
[Site "Chartres"]
[Date "2017.05.23"]
[Round "6"]
[White "Koziak, Vitali"]
[Black "Van Wely, Loek"]
[Result "1/2-1/2"]
[WhiteElo "2507"]
[BlackElo "2663"]
[Annotator "TA"]
[PlyCount "122"]
[EventDate "2017.??.??"]
[EventType "team-tourn"]
[EventCountry "FRA"]
[SourceTitle "playchess.com"]
[Source "ChessBase"]
[SourceQuality "1"]
[WhiteTeam "Bois-Colombes"]
[BlackTeam "Clichy"]

{[%evp 16,122,-41,-39,-31,-53,-12,-22,0,-14,9,-28,-22,-36,-34,-39,-39,-33,-35,-37,-29,-31,-8,-21,-26,-18,-8,-43,-45,-38,-38,-33,0,0,0,-28,-16,-39,-16,-43,-39,-27,-30,-25,-3,-1,-5,-10,-9,-11,-11,-10,0,0,0,0,0,0,0,0,30,0,46,30,70,27,33,33,33,33,33,29,43,43,44,25,44,41,42,38,36,0,0,1,7,8,4,0,25,6,9,0,0,0,0,0,0,0,0,0,0,0,0,0,0,0,0,0,0]} 1. d4 Nf6 2. Nf3 g6 3. g3 Bg7 4. Bg2 d5 5. O-O O-O 6. c3 Nbd7 {[%cal Bb8d7,Bd7c5,Bc5a4][%mdl 32]} 7. Nbd2 c5 8. dxc5 Nxc5 9. Nb3 {LiveBook: 3 Games. D02: 1 d4 d5 2 Nf3 sidelines, including 2...Nf6 3 g3 and 2...Nf6 3 Bf4} Na4 (9... Nce4 10. h3 h6 11. Be3 b6 12. a4 a5 13. Nbd4 Ba6 14. Qb3 Rc8 15. Ne5 Qd6 16. Bf4 g5 17. Nxf7 {1-0 (58) Eliseev,E (2251)-Lorand,N (2340) Budapest 2016}) 10. Nbd4 Bd7 11. Qb3 Nc5 12. Qa3 Nfe4 13. Nb3 $146 ({Predecessor:} 13. Nd2 Re8 14. N4b3 Nxb3 15. Qxb3 Nxd2 16. Bxd2 Bc6 {½-½ (30) Rantanen,M-Bertok,M Leipzig 1960}) 13... Na4 14. Bf4 Re8 15. Ne5 e6 {[#] Strongly threatening ...Bf8.} 16. Nxd7 Qxd7 17. Nd2 Nec5 18. Be3 b6 19. Rac1 Rac8 20. Bd4 {[#] Black must now prevent Bxg7.} Bf8 {Hoping for ...Nd3!} 21. Bxc5 Nxc5 22. c4 d4 {[%cal Bd5d4,Bd4d3][%mdl 32]} 23. b4 d3 24. e3 Qa4 25. Qb2 (25. Rc3 $5 {[%cal Rb4c5]} Qxa3 26. Rxa3 $11) 25... Nd7 26. a3 a5 {[%cal Ra5b4]} 27. Qd4 Red8 28. Qxd3 axb4 29. axb4 Nc5 30. Qc2 Qxb4 31. Rfd1 Qa4 32. Bf3 Qxc2 33. Rxc2 f5 34. Rb1 Rd6 35. Nb3 Nd3 36. Nd4 e5 37. Bd5+ Kg7 38. Rd2 {aiming for Ne6+.} Nc5 39. Nb5 Rd7 40. Nc3 Rb8 41. Rdb2 Ra7 42. Rxb6 Rxb6 43. Rxb6 Ra3 44. Nb5 Ra1+ 45. Kg2 Ra2 46. Nc7 Kh6 47. Ne6 Be7 48. Nxc5 (48. g4 $5) 48... Bxc5 $14 {[%mdl 4096] Endgame KRB-KRB} 49. Rb3 e4 50. h4 (50. g4 $5) 50... Kg7 51. g4 (51. h5 $5) 51... fxg4 52. Bxe4 Kf6 {The position is equal.} 53. Bd5 h5 54. Be4 Ra4 55. Bd3 {Threatens to win with Rb5.} Ra3 56. Rxa3 Bxa3 $11 {KB-KB} 57. f4 gxf3+ 58. Kxf3 Bc5 59. Bc2 g5 60. hxg5+ Kxg5 61. Ba4 Kf5 {Precision: White = 51%, Black = 65%.} 1/2-1/2